US States by Top Export - Map Quiz - Statistics

General Stats
  • This quiz has been taken 36 times
  • The average score is 8 of 50
Answers on the Map
Answers color-coded by a green-red scale on the quiz's map according to % correct below.
 
Answer Stats
State Export % Correct
Iowa Corn
83%
Colorado Cow Meat
39%
Nebraska Cow Meat
39%
Massachusetts Gold
35%
Nevada Gold
35%
Utah Gold
35%
Arkansas Aircraft
22%
Arizona Aircraft
22%
Connecticut Aircraft
22%
Florida Aircraft
22%
Georgia Aircraft
22%
Kansas Aircraft
22%
Kentucky Aircraft
22%
Maryland Aircraft
22%
New Hampshire Aircraft
22%
Ohio Aircraft
22%
Oklahoma Aircraft
22%
South Carolina Aircraft
22%
Washington Aircraft
22%
Wisconsin Aircraft
22%
Montana Coal
22%
Virginia Coal
22%
West Virginia Coal
22%
Maine Lobster
17%
Mississippi Petroleum
17%
Texas Petroleum
17%
Louisiana Soybeans
17%
Alaska Zinc
13%
Delaware Medicine
9%
Illinois Medicine
9%
Indiana Medicine
9%
Pennsylvania Medicine
9%
Idaho Semiconductors
9%
South Dakota Brewing Dregs
4%
New Mexico Data Processing Parts
4%
New York Diamonds
4%
Wyoming Disodium Carbonate
4%
Oregon Electrical Processors
4%
Vermont Electronic Circuits
4%
Hawaii Ferrous Scrap
4%
Minnesota Light Oils
4%
North Dakota Light Oils
4%
New Jersey Palladium
4%
Rhode Island Precious Metal
4%
Tennessee Surgical Equipment
4%
North Carolina Vaccines and Antibodies
4%
Alabama Vehicles
4%
California Vehicles
4%
Michigan Vehicles
4%
Missouri Vehicles
4%
No matching quizzes found
Score Distribution
Percent of People with Each Score
Percentile by Number Answered
Your Score History
You have not taken this quiz